Eminem Songs - Sudden Death - Statistics

General Stats
  • This quiz has been taken 1,033 times
    1,031 since last reset
  • The average score is 9 of 25
Answers on the Grid
Answers color-coded by a green-red scale on the quiz's grid according to % correct below.
Rock Bottom
Love Game
4Ever
3am
Houdini
Panda Express
Lose Yourself
Walk on Water
White and Nerdy
My Salsa
Oh No!
Darkness
Let's Roll
If I Should Die Tonight
N95
King's Never Die
Just a Friend
Bitch Please II
River
War Pigs
Beautiful Pain
A Charlie Manson Christmas
Good Guy
Brand New Dance
Phenomenal
Kim & Debbie
Killshot
We In Here
Dr. Greenthumb
No Apologies
You Give Me Something
Crack a Bottle
Got To Have It
Window Shopper
Guilty Conscience
No Love
The Real Slim Shady
Ain't No Half Steppin'
When I Grow Up
Ryde or Die, Chick
Bitch Please III
Stan
Take It Back
Smack It
My Name Is
Bad Guy
I Can
Going Through Changes
Ruby Rosary
Encore
 
Answer Stats
Answer % Correct
Houdini
86%
Lose Yourself
82%
The Real Slim Shady
58%
3am
50%
Rock Bottom
48%
Stan
48%
My Name Is
46%
Killshot
43%
Love Game
37%
Walk on Water
35%
Crack a Bottle
34%
Encore
34%
Bitch Please II
33%
Guilty Conscience
30%
River
30%
No Love
23%
Brand New Dance
22%
Bad Guy
20%
Darkness
20%
Good Guy
19%
Beautiful Pain
18%
No Apologies
17%
Phenomenal
17%
Going Through Changes
16%
King's Never Die
15%
No matching quizzes found
Score Distribution
Percent of People with Each Score
Percentile by Number Answered
Your Score History
You have not taken this quiz since the last reset